The elements of chromatography. (Record no. 187612)
[ view plain ]
| 000 -LEADER | |
|---|---|
| fixed length control field | 00536cam2a220019300 4500 |
| 001 - CONTROL NUMBER | |
| control field | qce00143962 |
| 005 - DATE AND TIME OF LATEST TRANSACTION | |
| control field | 20190830105934.0 |
| 008 - FIXED-LENGTH DATA ELEMENTS--GENERAL INFORMATION | |
| fixed length control field | 780511s1954 enk 000 0 eng d |
| 035 ## - SYSTEM CONTROL NUMBER | |
| System control number | (Sirsi) r26611 |
| 035 ## - SYSTEM CONTROL NUMBER | |
| System control number | (QCAT)lss01960819 |
| 035 ## - SYSTEM CONTROL NUMBER | |
| System control number | (UPRA)qce00143962 |
| 040 ## - CATALOGING SOURCE | |
| Modifying agency | UPRA |
| 100 1# - MAIN ENTRY--PERSONAL NAME | |
| Personal name | Williams, Trevor Illtyd. |
| Linkage | A8537.1 |
| 245 14 - TITLE STATEMENT | |
| Title | The elements of chromatography. |
| 260 ## - PUBLICATION, DISTRIBUTION, ETC. | |
| Place of publication, distribution, etc. | London : |
| Name of publisher, distributor, etc. | Blackie, |
| Date of publication, distribution, etc. | [1954] |
| 504 ## - BIBLIOGRAPHY, ETC. NOTE | |
| Bibliography, etc. note | Bibliography: p. 87. |
| 949 ## - LOCAL PROCESSING INFORMATION (OCLC) | |
| a | QD271 |
| w | lcc |
| i | -27476 |
| m | MAIN |
| t | BOOK |
| l | ON-SHELF |
No items available.